01540nam a2200277 a 4500001001000000003000400010005001700014008004100031040002500072082002400097100003600121245010000157260009500257300002000352500007600372500007300448590002600521600004000547651006100587910003700648942001400685952017100699952017900870952019601049999001701245000030286OSt20240409123744.0110509s1937 dr r 000 0 spa d aDO-SdBNPbspacBNPHU 4a972.9304bP349e2221 aPeña Batlle, Manuel A.95409110aEnriquillo o el germen de la teoría moderna del derecho de gentes /cManuel A. Peña Batlle. aCiudad Trujillo, República Dominicana :bImprenta J. R. vda. García, Sucesores,c1937. a33 p. ;c22 cm. a(Extr."Clío", Academia Dominicana de la Historia, enero-febrero 1937) aIncluye referencias bibliográficas y notas al pie de las páginas aInventariado, 2018/LP 0aENRIQUILLOcCACIQUEd¿-1535914941 0aRepública Dominicana --xHistoria --yHasta, 18449138 aValidado. Control de calidad MFF 2ddccLBS1 00102ddc56708RVaBNPHUbPDcHDd2011-06-15l0oBNPHU DS-RV-F 972.9304 P349ep30286-30r2020-06-25te. 3w2020-06-25yLF2zInventariado, 2019/BT/Validado, 2020/MFF 00102ddc718RVaBNPHUbPDcHDd2011-05-09l0oBNPHU PD-RV-F 972.9304 P349ep30286-10r2020-06-25w2020-06-25yLF2zPerteneció a la biblioteca personal de Martínez Boog. 00102ddc718RVaBNPHUbPDcHDd2011-06-14l0oBNPHU PD-RV-F 972.9304 P349ep30286-20r2020-06-25te. 2w2020-06-25yLF2zPerteneció a la biblioteca personal de Carlos Larrazábal Blanco. c29778d29778